Disney Pixar Characters begining with R - Statistics

General Stats
  • This quiz has been taken 9 times
  • The average score is 3 of 17
Answer Stats
Answer % Correct
Remy
75%
Russell
50%
Ramone
38%
Randall Boggs
38%
Red
38%
RC
25%
Rex
13%
Rick Dicker
13%
Riley Anderson
13%
Riley's Dad
13%
Riley's Mom
13%
Roz
13%
Ramsey
0%
Referee
0%
River Scott
0%
Rod 'Torque' Redline
0%
Rosie
0%
No matching quizzes found
Score Distribution
Percent of People with Each Score
Percentile by Number Answered
Your Score History
You have not taken this quiz